000 01216cam a22003617a 4500
003 CHAP
005 20220817042736.0
008 971013s1974 r 00010 d
010 _a54115
011 _a55087
035 _a59239
040 _cCHAP
090 _aFolleto 4340
100 0 0 _aPrawda Witenberg, Juan.
_991328
245 1 3 _aUn modelo de distribución de maíz para la Compañía Nacional de Subsistencias Populares
260 _aMéxico :
_bIPN. Departamento de Estudios de Graduados e Investigación,
_c1974
300 _a38 h.
490 0 _aReporte técnico
_v; 2
590 _aBATCH-UPD
_b10
_c20130110
_lUCH01
_h0111
590 _aBATCH-UPD
_b10
_c20130110
_lUCH01
_h0808
590 _aBATCH-UPD
_b10
_c20130409
_lUCH01
_h2103
590 _aBATCH-UPD
_b10
_c20130410
_lUCH01
_h0445
590 _aBATCH-UPD
_b10
_c20130914
_lUCH01
_h1206
590 _aCONVERSION
_b10
_c20130109
_lUCH01
_h1329
650 1 4 _aDistribuciones (Probabilidades)
_932748
650 1 4 _aMaíz.
_970848
710 _aCONASUPO
710 0 _aInstituto Politécnico Nacional. México.
_959427
830 0 _aReporte técnico
_v; 2
901 _aBK
942 _cFOLL
949 _aFolleto 4340
_bBC
_cFOLL
_d-128134
_eTS1
_i59239
_mD
_si
999 _c54115
_d54115